Statistics for Can you name the football team that #2

Click here to take the quiz!

General Stats

  • This quiz has been taken 25 times
  • The average score is 12 of 15

Answer Stats

DescriptionTeam% Correct
Is One of the 2 teams in the rivalry “El clasico”FC Barcelona
100%
Miraculously won the 2015/16 season of the Premier LeagueLeicester City
100%
Is the only team to appear in every World CupBrazil
95%
play as the home team at the iconic Anfield stadiumLiverpool
95%
Is One of the 2 teams in the rivalry “El clasico”Real Madrid
95%
Are nick-named the “ Les-Bleus ”France
90%
Plays in the Bundesliga and is affiliated with an energy drinkRB Leipzig
90%
Shocked the world by defeating Argentina in the 2022 World CupSaudi Arabia
85%
Was involved in the unfortunate Munich air disasterManchester United
80%
Thrashed American Samoa 31-0 to qualify for the 2002 World CupAustralia
75%
Used to be one of the “Big 5” in English footballEverton
75%
Was the first African team to qualify for the WC Quarter-finalsCameroon
70%
Has won the most MLS titlesLA Galaxy
70%
Collobarated with Air Jordan as their kit manufacturerPSG
55%
Played in the World Cup (2022) after 64 yearsWales
45%

Score Distribution

Percentile by Number Answered

Percent of People with Each Score

Your Score History

You have not taken this quiz